<?xml version="1.0" encoding="UTF-8"?>
<record
    xmlns:xsi="http://www.w3.org/2001/XMLSchema-instance"
    xsi:schemaLocation="http://www.loc.gov/MARC21/slim http://www.loc.gov/standards/marcxml/schema/MARC21slim.xsd"
    xmlns="http://www.loc.gov/MARC21/slim">

  <leader>01180    a2200229   4500</leader>
  <controlfield tag="001">63941</controlfield>
  <controlfield tag="005">20260521160827.0</controlfield>
  <controlfield tag="008">260521a1996    arg                 spa d</controlfield>
  <controlfield tag="003">AR-UNSa-BCEJYS</controlfield>
  <datafield tag="040" ind1=" " ind2=" ">
    <subfield code="a">AR-UNSa-BCEJYS</subfield>
    <subfield code="b">spa</subfield>
    <subfield code="c">AR-UNSa-BCEJYS</subfield>
  </datafield>
  <datafield tag="080" ind1=" " ind2=" ">
    <subfield code="a">658.011.4</subfield>
    <subfield code="x">Productividad. Eficiencia. &#xC9;xito (Competitividad, Emprendimiento de proyectos)</subfield>
  </datafield>
  <datafield tag="245" ind1="1" ind2="0">
    <subfield code="a">La empresa competitiva: grandeza y decadencia</subfield>
    <subfield code="p">El cambio hacia una organizaci&#xF3;n vivible</subfield>
  </datafield>
  <datafield tag="020" ind1=" " ind2=" ">
    <subfield code="a">978-956-278-011-7</subfield>
  </datafield>
  <datafield tag="264" ind1=" " ind2="1">
    <subfield code="a">Santiago :</subfield>
    <subfield code="b">McGraw-Hill</subfield>
    <subfield code="c">1996</subfield>
  </datafield>
  <datafield tag="300" ind1=" " ind2=" ">
    <subfield code="a">356 p.</subfield>
    <subfield code="c">25 cm.</subfield>
  </datafield>
  <datafield tag="505" ind1=" " ind2=" ">
    <subfield code="a">1. El lado oculto de la organizaci&#xF3;n - 2. Im&#xE1;genes y s&#xED;mbolos de la organizaci&#xF3;n - 3. Armon&#xED;a y disonancia- 4. El falso dilema de competir o desaparecer 5. Discurso y praxis competitiva - 6. El discurso ideol&#xF3;gico - 7. Las trampas del lenguaje - 8. El mundo de las apariencias - 9. Dialectica del suceso y la estructura - 10. Construyendo la organizaci&#xF3;n vivible - </subfield>
  </datafield>
  <datafield tag="041" ind1=" " ind2=" ">
    <subfield code="a">spa</subfield>
  </datafield>
  <datafield tag="942" ind1=" " ind2=" ">
    <subfield code="c">BK</subfield>
  </datafield>
  <datafield tag="590" ind1=" " ind2=" ">
    <subfield code="a">niveau_biblio:m niveau_hierar:0</subfield>
  </datafield>
  <datafield tag="100" ind1="1" ind2=" ">
    <subfield code="a">Etkin, Jorge Ricardo</subfield>
  </datafield>
  <datafield tag="856" ind1="4" ind2="1">
    <subfield code="u">https://www.biblioeco.unsa.edu.ar/pmb/images/libros/L70447.jpg</subfield>
    <subfield code="y">Imagen de portada</subfield>
    <subfield code="q">image/jpeg</subfield>
  </datafield>
  <datafield tag="999" ind1=" " ind2=" ">
    <subfield code="c">36426</subfield>
    <subfield code="d">36426</subfield>
  </datafield>
  <datafield tag="952" ind1=" " ind2=" ">
    <subfield code="0">0</subfield>
    <subfield code="1">0</subfield>
    <subfield code="4">0</subfield>
    <subfield code="7">0</subfield>
    <subfield code="a">BCEJYS</subfield>
    <subfield code="b">BCEJYS</subfield>
    <subfield code="c">16</subfield>
    <subfield code="d">2026-05-21</subfield>
    <subfield code="l">0</subfield>
    <subfield code="o">658.011.4 E83</subfield>
    <subfield code="p">L70446</subfield>
    <subfield code="r">2026-05-21 16:08:27</subfield>
    <subfield code="w">2026-05-21</subfield>
    <subfield code="y">L</subfield>
  </datafield>
  <datafield tag="952" ind1=" " ind2=" ">
    <subfield code="0">0</subfield>
    <subfield code="1">0</subfield>
    <subfield code="4">0</subfield>
    <subfield code="7">0</subfield>
    <subfield code="a">BCEJYS</subfield>
    <subfield code="b">BCEJYS</subfield>
    <subfield code="c">16</subfield>
    <subfield code="d">2026-05-21</subfield>
    <subfield code="l">0</subfield>
    <subfield code="o">658.011.4 E83</subfield>
    <subfield code="p">L70447</subfield>
    <subfield code="r">2026-05-21 16:08:27</subfield>
    <subfield code="w">2026-05-21</subfield>
    <subfield code="y">L</subfield>
  </datafield>
  <datafield tag="952" ind1=" " ind2=" ">
    <subfield code="0">0</subfield>
    <subfield code="1">0</subfield>
    <subfield code="4">0</subfield>
    <subfield code="7">0</subfield>
    <subfield code="a">BCEJYS</subfield>
    <subfield code="b">BCEJYS</subfield>
    <subfield code="c">16</subfield>
    <subfield code="d">2026-05-21</subfield>
    <subfield code="l">0</subfield>
    <subfield code="o">658.011.4 E83</subfield>
    <subfield code="p">L70448</subfield>
    <subfield code="r">2026-05-21 16:08:27</subfield>
    <subfield code="w">2026-05-21</subfield>
    <subfield code="y">L</subfield>
  </datafield>
  <datafield tag="952" ind1=" " ind2=" ">
    <subfield code="0">0</subfield>
    <subfield code="1">0</subfield>
    <subfield code="4">0</subfield>
    <subfield code="7">0</subfield>
    <subfield code="a">BCEJYS</subfield>
    <subfield code="b">BCEJYS</subfield>
    <subfield code="c">16</subfield>
    <subfield code="d">2026-05-21</subfield>
    <subfield code="l">0</subfield>
    <subfield code="o">658.011.4 E83</subfield>
    <subfield code="p">L70454</subfield>
    <subfield code="r">2026-05-21 16:08:27</subfield>
    <subfield code="w">2026-05-21</subfield>
    <subfield code="y">L</subfield>
  </datafield>
  <datafield tag="952" ind1=" " ind2=" ">
    <subfield code="0">0</subfield>
    <subfield code="1">0</subfield>
    <subfield code="4">0</subfield>
    <subfield code="7">0</subfield>
    <subfield code="a">BCEJYS</subfield>
    <subfield code="b">BCEJYS</subfield>
    <subfield code="c">16</subfield>
    <subfield code="d">2026-05-21</subfield>
    <subfield code="l">0</subfield>
    <subfield code="o">658.011.4 E83</subfield>
    <subfield code="p">L70453</subfield>
    <subfield code="r">2026-05-21 16:08:27</subfield>
    <subfield code="w">2026-05-21</subfield>
    <subfield code="y">L</subfield>
  </datafield>
  <datafield tag="952" ind1=" " ind2=" ">
    <subfield code="0">0</subfield>
    <subfield code="1">0</subfield>
    <subfield code="4">0</subfield>
    <subfield code="7">0</subfield>
    <subfield code="a">BCEJYS</subfield>
    <subfield code="b">BCEJYS</subfield>
    <subfield code="c">16</subfield>
    <subfield code="d">2026-05-21</subfield>
    <subfield code="l">0</subfield>
    <subfield code="o">658.011.4 E83</subfield>
    <subfield code="p">L70455</subfield>
    <subfield code="r">2026-05-21 16:08:27</subfield>
    <subfield code="w">2026-05-21</subfield>
    <subfield code="y">L</subfield>
  </datafield>
  <datafield tag="952" ind1=" " ind2=" ">
    <subfield code="0">0</subfield>
    <subfield code="1">0</subfield>
    <subfield code="4">0</subfield>
    <subfield code="7">0</subfield>
    <subfield code="a">BCEJYS</subfield>
    <subfield code="b">BCEJYS</subfield>
    <subfield code="c">16</subfield>
    <subfield code="d">2026-05-21</subfield>
    <subfield code="l">0</subfield>
    <subfield code="o">658.011.4 E83</subfield>
    <subfield code="p">L70451</subfield>
    <subfield code="r">2026-05-21 16:08:27</subfield>
    <subfield code="w">2026-05-21</subfield>
    <subfield code="y">L</subfield>
  </datafield>
  <datafield tag="952" ind1=" " ind2=" ">
    <subfield code="0">0</subfield>
    <subfield code="1">0</subfield>
    <subfield code="4">0</subfield>
    <subfield code="7">0</subfield>
    <subfield code="a">BCEJYS</subfield>
    <subfield code="b">BCEJYS</subfield>
    <subfield code="c">16</subfield>
    <subfield code="d">2026-05-21</subfield>
    <subfield code="l">0</subfield>
    <subfield code="o">658.011.4 E83</subfield>
    <subfield code="p">L70452</subfield>
    <subfield code="r">2026-05-21 16:08:27</subfield>
    <subfield code="w">2026-05-21</subfield>
    <subfield code="y">L</subfield>
  </datafield>
  <datafield tag="952" ind1=" " ind2=" ">
    <subfield code="0">0</subfield>
    <subfield code="1">0</subfield>
    <subfield code="4">0</subfield>
    <subfield code="7">0</subfield>
    <subfield code="a">BCEJYS</subfield>
    <subfield code="b">BCEJYS</subfield>
    <subfield code="c">16</subfield>
    <subfield code="d">2026-05-21</subfield>
    <subfield code="l">0</subfield>
    <subfield code="o">658.011.4 E83</subfield>
    <subfield code="p">L70449</subfield>
    <subfield code="r">2026-05-21 16:08:27</subfield>
    <subfield code="w">2026-05-21</subfield>
    <subfield code="y">L</subfield>
  </datafield>
  <datafield tag="952" ind1=" " ind2=" ">
    <subfield code="0">0</subfield>
    <subfield code="1">0</subfield>
    <subfield code="4">0</subfield>
    <subfield code="7">0</subfield>
    <subfield code="a">BCEJYS</subfield>
    <subfield code="b">BCEJYS</subfield>
    <subfield code="c">16</subfield>
    <subfield code="d">2026-05-21</subfield>
    <subfield code="l">0</subfield>
    <subfield code="o">658.011.4 E83</subfield>
    <subfield code="p">L70450</subfield>
    <subfield code="r">2026-05-21 16:08:27</subfield>
    <subfield code="w">2026-05-21</subfield>
    <subfield code="y">L</subfield>
  </datafield>
</record>
